|
|
|
|
| LEADER |
00000nam0a2200000 4500 |
| 001 |
11060 |
| 005 |
20231101204743.0 |
| 010 |
|
|
|a 9669533202
|
| 035 |
|
|
|a (RuTPU)RU\TPU\book\11130
|
| 035 |
|
|
|a BOOK00011196
|
| 090 |
|
|
|a 11060
|
| 100 |
|
|
|a 20011209d1999 m y0rusy50 ca
|
| 101 |
0 |
|
|a rus
|
| 102 |
|
|
|a UA
|
| 105 |
|
|
|a y j 000zy
|
| 200 |
1 |
|
|a Анализ и разработка инвестиционных проектов
|e учебное пособие
|f В. П. Савчук, С. И. Прилипко, Е. Г. Величко
|
| 210 |
|
|
|a Киев
|c Абсолют-В
|c Эльга
|d 1999
|
| 215 |
|
|
|a 304 с.
|
| 606 |
1 |
|
|a Инвестиции
|2 stltpush
|3 (RuTPU)RU\TPU\subj\36163
|9 57637
|
| 610 |
1 |
|
|a экономика
|
| 610 |
1 |
|
|a инвестиции
|
| 610 |
1 |
|
|a инвестиционные проекты
|
| 610 |
1 |
|
|a учебные пособия
|
| 686 |
|
|
|a У9(2)0-56я73
|v LBC/SL-A
|2 rubbk
|
| 700 |
|
1 |
|a Савчук
|b В. П.
|g Владимир Павлович
|
| 701 |
|
1 |
|a Прилипко
|b С. И.
|g Сергей Иванович
|
| 701 |
|
1 |
|a Величко
|b Е. Г.
|g Елена Георгиевна
|
| 801 |
|
0 |
|a RU
|b 63413507
|c 20011209
|g PSBO
|
| 801 |
|
2 |
|a RU
|b 63413507
|c 20140122
|g PSBO
|
| 942 |
|
|
|c BK
|